Detalles MARC
| 000 -LEADER |
| fixed length control field |
03469nam a2200493Ii 4500 |
| 001 - CONTROL NUMBER |
| control field |
DIGARTEP0226 |
| 003 - CONTROL NUMBER IDENTIFIER |
| control field |
NyNyDIG |
| 008 - FIXED-LENGTH DATA ELEMENTS--GENERAL INFORMATION |
| fixed length control field |
161127s2006 txu ob 000 0 eng d |
| 006 - FIXED-LENGTH DATA ELEMENTS--ADDITIONAL MATERIAL CHARACTERISTICS |
| fixed length control field |
m o d |
| 007 - PHYSICAL DESCRIPTION FIXED FIELD--GENERAL INFORMATION |
| fixed length control field |
cr ||||||||||| |
| 040 ## - CATALOGING SOURCE |
| Original cataloging agency |
DGITA |
| Language of cataloging |
eng |
| Description conventions |
rda |
| -- |
pn |
| Transcribing agency |
DGITA |
| 020 ## - INTERNATIONAL STANDARD BOOK NUMBER |
| International Standard Book Number |
9781611922660 |
| Qualifying information |
(eBook) |
| 020 ## - INTERNATIONAL STANDARD BOOK NUMBER |
| International Standard Book Number |
1611922666 |
| Qualifying information |
(eBook) |
| 020 ## - INTERNATIONAL STANDARD BOOK NUMBER |
| Canceled/invalid ISBN |
9781558853713 |
| 020 ## - INTERNATIONAL STANDARD BOOK NUMBER |
| Canceled/invalid ISBN |
1558853715 |
| 035 ## - SYSTEM CONTROL NUMBER |
| System control number |
(OCoLC)794492140 |
| 050 14 - LIBRARY OF CONGRESS CALL NUMBER |
| Classification number |
PS153.H56 ebook |
| 082 04 - DEWEY DECIMAL CLASSIFICATION NUMBER |
| Classification number |
810.8968 |
| Edition number |
23 |
| 245 00 - TITLE STATEMENT |
| Title |
Recovering the U.S. Hispanic literary heritage. |
| Number of part/section of a work |
Volume V / |
| Statement of responsibility, etc. |
edited by Kenya Dworkin y Méndez and Agnes Lugo-Ortiz. |
| 264 #1 - PRODUCTION, PUBLICATION, DISTRIBUTION, MANUFACTURE, AND COPYRIGHT NOTICE |
| Place of production, publication, distribution, manufacture |
Houston, Texas : |
| Name of producer, publisher, distributor, manufacturer |
Arte Público Press, |
| Date of production, publication, distribution, manufacture, or copyright notice |
[2006] |
| 300 ## - PHYSICAL DESCRIPTION |
| Extent |
1 online resource. |
| 336 ## - CONTENT TYPE |
| Content type term |
text |
| Content type code |
txt |
| Source |
rdacontent |
| 337 ## - MEDIA TYPE |
| Media type term |
computer |
| Media type code |
c |
| Source |
rdamedia |
| 338 ## - CARRIER TYPE |
| Carrier type term |
online resource |
| Carrier type code |
cr |
| Source |
rdacarrier |
| 490 1# - SERIES STATEMENT |
| Series statement |
Recovering the U.S. Hispanic literary heritage |
| 504 ## - BIBLIOGRAPHY, ETC. NOTE |
| Bibliography, etc. note |
Includes bibliographical references. |
| 505 0# - FORMATTED CONTENTS NOTE |
| Formatted contents note |
Introduction / Kenya Dworkin y Méndez, and Agnes Lugo-Ortiz -- Subject to the border : the stranger case of José Agustín Quntero / Kirsten Solva Gruesz -- Américo Paredes' 'George Washington Gómez' and U.S. patriotic mythology / Roumiana Velikova -- Bending Chicano identity and experience in Arturo Isla's Early borderland short stories / Frederick Luis Aldama -- "La hermana lengua de Cervantes" : an aesthetic and utilitarian defense of Spanish in New Mexico and its implications fro cultural citizenship / Erlinda Gonzales-Berry -- La prensa puertorriqueña en Nueva York ante el discurso colonial : reescritura de un imaginario nacional / Edwin Karli Padilla Aponte -- Recovering Mexican America in the classroom / John-Michael Rivera -- Finding the voices : the Nuevomexicano cuentos of the WPA / Tey Diana Rebolledo -- "Hijos de la refolufia" : performing the pachuco in the Mexican American " Carpa" / Peter C. Haney -- La antología y el archivo : reflexiones en torno a 'Herencia, En otra voz' y los limites de un saber / Agnes Lugo-Ortiz -- The Land Act of 1851 as the Handmaiden of Manifest Destiny / Rosaura Sánchez -- Ruiz de Burton's Questioning of "Manifest Destiny" / Beatrice Pita -- Novelas mexicanas y chicanas publicadas en los Estados Unidos : recuento bibliográfico / Luis Leal -- Early New Mexican criticism : the case of 'Breve Reseña de la literatura hispana de Nuevo México y Colorado' / Francisco A. Lomelí. |
| 546 ## - LANGUAGE NOTE |
| Language note |
English and Spanish. |
| 588 0# - SOURCE OF DESCRIPTION NOTE |
| Source of description note |
Online resource; title from PDF title page (Digitalia, viewed November 28, 2016) |
| 650 #0 - SUBJECT ADDED ENTRY--TOPICAL TERM |
| Topical term or geographic name entry element |
American literature |
| General subdivision |
Hispanic American authors |
| -- |
History and criticism. |
| 650 #0 - SUBJECT ADDED ENTRY--TOPICAL TERM |
| Topical term or geographic name entry element |
Hispanic American literature (Spanish) |
| General subdivision |
History and criticism. |
| 650 #0 - SUBJECT ADDED ENTRY--TOPICAL TERM |
| Topical term or geographic name entry element |
Hispanic Americans |
| General subdivision |
Intellectual life. |
| 650 #0 - SUBJECT ADDED ENTRY--TOPICAL TERM |
| Topical term or geographic name entry element |
Hispanic Americans in literature. |
| 655 #0 - INDEX TERM--GENRE/FORM |
| Genre/form data or focus term |
Electronic books. |
| 700 1# - ADDED ENTRY--PERSONAL NAME |
| Personal name |
Dworkin y Méndez, Kenya, |
| Relator term |
editor. |
| 700 1# - ADDED ENTRY--PERSONAL NAME |
| Personal name |
Lugo-Ortiz, Agnes I., |
| Relator term |
editor. |
| 791 2# - |
| -- |
Digitalia (Firm), |
| -- |
distributor. |
| 793 0# - |
| -- |
Digitalia eBook Collection: |
| -- |
Arte Público Press. |
| 776 08 - ADDITIONAL PHYSICAL FORM ENTRY |
| Relationship information |
Print version: |
| Title |
Recovering the U.S. Hispanic literary heritage. Volume V. |
| Place, publisher, and date of publication |
Houston : Arte Público Press, 2006 |
| International Standard Book Number |
1558853715 |
| Record control number |
(DLC) 92045114 |
| -- |
(OCoLC)69119341 |
| 830 #0 - SERIES ADDED ENTRY--UNIFORM TITLE |
| Uniform title |
Recovering the U.S. Hispanic Literary Heritage Project publication. |
| 856 40 - ELECTRONIC LOCATION AND ACCESS |
| Materials specified |
Digitalia Hispánica |
| Uniform Resource Identifier |
<a href="https://www.digitaliapublishing.com/a/38543/">https://www.digitaliapublishing.com/a/38543/</a> |
| 910 ## - USER-OPTION DATA (OCLC) |
| User-option data |
Premium Collection: 2016 |
| 942 ## - ADDED ENTRY ELEMENTS (KOHA) |
| Koha item type |
Recurso Electrónico |